000 00286 a2200121 4500
001 146651
040 _cEscola São Tomás de Aquino
100 _aMACHADO, Ana Maria
240 1 0 _aA velha misteriosa
_lpor
245 1 0 _aA velha misteriosa
697 _a*LITERATURA INFANTO
942 _cBK
999 _c146651
_d146651